000 01096 a2200277 4500
003 Nust
005 20170207165831.0
020 _a1403937982
020 _a1403937982 (hbk.)
020 _a9781403937988
020 _a9781403937988 (hbk.)
035 _a(OCoLC)ocn234301391
040 _cNust
082 0 4 _a418.02
100 1 _aCorsellis, Ann
245 1 0 _aPublic service interpreting : (E-BOOK)
_bthe first steps /
_cAnn Corsellis
260 _aBasingstoke :
_bPalgrave Macmillan,
_c2008
300 _axii, 186 p.
440 0 _aPalgrave textbooks in translating & interpreting
505 _aWhat is All this About? (Page-1) Developing Interpreting in the Public Services: A Case Study (Page-11) The Expertise and Role of Public Service Interpreters (Page-24) Training and Assessment of Public Service Interpreters (Page-53) Establishing a Professional Framework (Page-82) Bilingual Practitioners (Page-102)
650 7 _aMunicipal services
_xTranslating.
650 7 _aTolkning
650 7 _aTranslating and interpreting
650 7 _aTranslating and interpreting.
651 _aE-Book
942 _2ddc
_cBK
999 _c213313
_d213313